000 00704nam a2200181Ia 4500
008 100921s9999 xx 000 0 und d
082 _b21384
_a808.068 थ 87
100 _aमहाजन जगन्नाथ.
245 _aजादुगार चेटकीण.
260 _bश्रीराम बुक एजन्सी, पुणे.
_c1987
300 _a32
_bभारत न्यूज एजन्सी,वाई
365 _b2
520 _aललित-बालवाङ्रमय.
630 _aजादुगार चेटकीण.
650 _aललित-बालवाङ्रमय.
730 _aजादुगार चेटकीण.
942 _cBOOK
999 _c770497
_d770494